书目信息 |
| 题名: |
中外环境标志标准资料汇编
|
|
| 作者: | 夏青 主编 | |
| 分册: | 一 | |
| 出版信息: | 北京 中国标准出版社 2003.08 |
|
| 页数: | 505页 | |
| 开本: | 30cm | |
| 丛书名: | ||
| 单 册: | ||
| 中图分类: | X-657 | |
| 科图分类: | ||
| 主题词: | 环境标志--huan jing biao zhi--国家标准--汇编--世界 | |
| 电子资源: | ||
| ISBN: | 7-5066-3147-4 | |
| 000 | 00885nam0 2200229 450 | |
| 001 | 012008762547 | |
| 005 | 20080314133321.28 | |
| 010 | @a7-5066-3147-4@dCNY70.00 | |
| 100 | @a20080314d2003 km y0chiy0120 ea | |
| 101 | 0 | @achi |
| 102 | @aCN@b110000 | |
| 105 | @aa l 000yy | |
| 106 | @ar | |
| 200 | 1 | @a中外环境标志标准资料汇编@Azhong wai huan jing biao zhi biao zhun zi liao hui bian@h一@f夏青主编@Fxia qing zhu bian |
| 210 | @a北京@c中国标准出版社@d2003.08 | |
| 215 | @a505页@c图@d30cm | |
| 330 | @a本书整理的国内外标准,截止到2000年底。包括全球环境标志网成员及非成员国荷兰、法国、澳大利亚在内的共22个环境标志计划,744项环境标志标准,按全球环境标志网的分类方法分为19大类,53个小类。 | |
| 606 | 0 | @a环境标志@Ahuan jing biao zhi@x国家标准@x汇编@y世界 |
| 690 | @aX-657@v4 | |
| 701 | 0 | @a夏青@Axia qing@4主编 |
| 801 | 0 | @aCN@bQSSK@c20080314 |
| 905 | @b20282580@dX-657@eX194:1@f1 | |
| 中外环境标志标准资料汇编.一/夏青主编.-北京:中国标准出版社,2003.08 |
| 505页:图;30cm |
| ISBN 7-5066-3147-4:CNY70.00 |
| 本书整理的国内外标准,截止到2000年底。包括全球环境标志网成员及非成员国荷兰、法国、澳大利亚在内的共22个环境标志计划,744项环境标志标准,按全球环境标志网的分类方法分为19大类,53个小类。 |
| ● |
| 相关链接 |
|
|
|
正题名:中外环境标志标准资料汇编
索取号:X-657/X194:1
 
预约/预借
| 序号 | 登录号 | 条形码 | 馆藏地/架位号 | 状态 | 备注 |
| 1 | 282580 | 202825808 | 自科库501/501自科库 91排1列5层/ [索取号:X-657/X194:1] | 在馆 |